Guess the Noah Kahan lyrics without hints #2 - Statistics

General Stats
  • This quiz has been taken 227 times
  • The average score is 155 of 308
Answer Stats
Answer % Correct
I
98%
A
96%
a
96%
you
92%
You
92%
the
89%
your
83%
and
78%
And
78%
my
74%
to
74%
in
72%
In
72%
no
72%
when
72%
it
69%
so
69%
So
69%
So,
69%
you're
69%
be
68%
all
66%
I'm
65%
on
65%
For
64%
for
64%
of
62%
That
60%
I'll
54%
Oh
53%
oh
53%
Oh,
53%
don't
52%
if
52%
this
49%
up
49%
mind,
47%
their
47%
at
46%
At
46%
time,
46%
home
45%
I've
43%
been
42%
blood
42%
could
42%
want,
42%
young,
42%
young
42%
Young
42%
keep
41%
They're
41%
life
40%
middle
38%
reason
38%
alone
36%
humble
36%
jungle
36%
dear,
35%
Stay
35%
sorry
34%
Start
34%
start
34%
tell
33%
high
32%
lose
32%
soon
32%
try
32%
year
32%
drinking
31%
everything
31%
cold
29%
grew
29%
mad
29%
school
29%
eyes,
28%
fear,
28%
fear
28%
hungry
28%
money
28%
parties
28%
than
28%
alive,
26%
driving
24%
most
24%
once
24%
they've
24%
truth
24%
morning,
23%
empty
22%
seats
22%
shows
22%
soul
22%
takes
22%
toll
22%
across
21%
bullet
21%
country
21%
nights
21%
overthinking
21%
proof
21%
spend
21%
warnings
21%
years
21%
Four
19%
loose
19%
Rub
19%
surprised,
18%
threads
18%
stitching
17%
bitterer
16%
No matching quizzes found
Score Distribution
Percent of People with Each Score
Percentile by Number Answered
Your Score History
You have not taken this quiz